Statystyki dla Legendy niemieckiej piłki nożnej

Kliknij tutaj aby rozwiązać quiz!

Ogólne statystyki

  • Ten quiz został rozwiązany 588 razy
    (519 od ostatniego zresetowania)
  • Średni wynik to 11 z 43

Statystyki odpowiedzi

PozycjaImię i nazwisko% Poprawnych
NapastnikGerd Muller
88%
NapastnikMiroslav Klose
83%
BramkarzManuel Neuer
80%
BramkarzOliver Kahn
77%
ObrońcaFranz Beckenbauer
75%
ObrońcaPhilipp Lahm
73%
ObrońcaJerome Boateng
64%
Obrońca/pomocnikLothar Matthaus
63%
ObrońcaMats Hummels
60%
PomocnikMichael Ballack
57%
PomocnikBastian Schweinsteiger
44%
Pomocnik/ napastnikMarco Reus
37%
PomocnikToni Kroos
36%
PomocnikMesut Ozil
36%
PomocnikSami Khedira
25%
NapastnikKarl-Heinz Rummenigge
23%
Obrońca/ pomocnikAndreas Brehme
20%
NapastnikJurgen Klinsmann
17%
NapastnikOliver Bierhoff
17%
NapastnikRudi Voller
16%
ObrońcaMatthias Sammer
13%
BramkarzSepp Maier
13%
NapastnikJupp Heynckes
9%
BramkarzHarald Schumacher
8%
NapastnikUwe Seeler
7%
Obrońca/ pomocnikPaul Breitner
7%
BramkarzAndreas Kopke
3%
ObrońcaJurgen Kohler
3%
BramkarzBodo Illgner
3%
Obrońca/ pomocnikHans-Georg Schwarzenbeck
2%
ObrońcaBerti Vogts
2%
ObrońcaKlaus Augenthaler
2%
PomocnikGunter Netzer
2%
PomocnikPierre Littbarski
2%
NapastnikUlf Kirsten
2%
PomocnikThomas Hassler
2%
PomocnikFelix Magath
1%
PomocnikHans Schäfer
1%
Pomocnik/ napastnikJurgen Grabowski
1%
ObrońcaKarl-Heinz Korbel
0%
NapastnikJoachim Streich
0%
PomocnikEberhard Vogel
0%
NapastnikStefan Kuntz
0%

Rozkład punktacji

Percentyl według liczby udzielonych odpowiedzi

Procent ludzi z każdym wynikiem

Twoja historia wyników

Nie rozwiązałeś tego quizu od ostatniego zresetowania